Training for transformation: A handbook for community workers / (Record no. 841)

MARC details
000 -LEADER
fixed length control field 00618nam a22002177a 4500
003 - CONTROL NUMBER IDENTIFIER
control field OSt
005 - DATE AND TIME OF LATEST TRANSACTION
control field 20150106153216.0
008 - FIXED-LENGTH DATA ELEMENTS--GENERAL INFORMATION
fixed length control field 150106b xxu||||| |||| 00| 0 eng d
020 ## - INTERNATIONAL STANDARD BOOK NUMBER
International Standard Book Number 1853393533
040 ## - CATALOGING SOURCE
Transcribing agency DNLM
082 ## - DEWEY DECIMAL CLASSIFICATION NUMBER
Classification number WA 546 H771t 2001
100 ## - MAIN ENTRY--PERSONAL NAME
Personal name Hope Anne
9 (RLIN) 2265
245 ## - TITLE STATEMENT
Title Training for transformation: A handbook for community workers /
Statement of responsibility, etc. Anne Hope and Sally Timmel
250 ## - EDITION STATEMENT
Remainder of edition statement Book 1
260 ## - PUBLICATION, DISTRIBUTION, ETC. (IMPRINT)
Place of publication, distribution, etc. UK:
Name of publisher, distributor, etc. ITDG PUBLISHING ;
Date of publication, distribution, etc. 2001.
300 ## - PHYSICAL DESCRIPTION
Extent 177:
Other physical details ill;
Dimensions 30 cm.
504 ## - BIBLIOGRAPHY, ETC. NOTE
Bibliography, etc Includes bibliographical references
650 ## - SUBJECT ADDED ENTRY--TOPICAL TERM
Source of heading or term Transformation
700 ## - ADDED ENTRY--PERSONAL NAME
Personal name Timmel Sally
9 (RLIN) 2266
942 ## - ADDED ENTRY ELEMENTS (KOHA)
Source of classification or shelving scheme Other/Generic Classification Scheme
Koha item type Short Loan
Holdings
Withdrawn status Lost status Source of classification or shelving scheme Damaged status Not for loan Home library Current library Date acquired Source of acquisition Inventory number Total Checkouts Full call number Barcode Checked out Date last seen Date last checked out Price effective from Koha item type
    Other/Generic Classification Scheme     MUST Main Library MUST Main Library 06/01/2015   2003/20352 1 WA 546 H771t 2001 2015-0009 06/11/2015 05/11/2015 05/11/2015 06/01/2015 Short Loan
    Other/Generic Classification Scheme     MUST Main Library MUST Main Library 29/06/2016   2003/20355   WA 546 H771t 2001 2016-2851   29/06/2016   29/06/2016 Open Shelf
    Other/Generic Classification Scheme     MUST Main Library MUST Main Library 11/07/2016   2003/20354   WA 546 H771t 2001 2016-3112   11/07/2016   11/07/2016 Open Shelf